00703 2200205 4500001002100000005001700021008004100038035002400079040001200103082001300115090001600128100001200144245012800156260007400284300004200358500002100400504002500421650003300446990001800479YOGYA-0113000000023720130107082117.0 ind  0010-011300000000237 aYOPDYOG a658.4038 aSK 658.4038 aSUPANDI aKompetenisasi sistem pengolahan data pasien rawat jalan pada rumah sakit umum daerah Sleman Yogyakarta/disusun oleh Supandi aYogyakartabAkademi Manajemen Informatika dan Komputer "Amikom"c2001 aXIII, 64, (44) lbrbilus, lampc29 cm aSkripsi "Amikom" aBibliografi (lbr.65) aSistem Informasi - Manajemen a42223-PD/A.12